[Event "Charleroi op"]
[Site "Roux"]
[Date "2023.07.31"]
[Round "3"]
[White "Soubirou, Oriane"]
[Black "Hoffmann, Michael"]
[Result "0-1"]
[WhiteElo "2048"]
[BlackElo "2413"]
[PlyCount "112"]
[EventDate "2023.07.29"]
[EventType "swiss"]
[EventRounds "9"]
[EventCountry "BEL"]
[SourceTitle "CBM 215 Extra"]
[Source "ChessBase"]
[SourceDate "2023.09.30"]
[SourceVersion "1"]
[SourceVersionDate "2023.09.30"]
[SourceQuality "1"]

1. d4 Nf6 2. c4 g6 3. Nf3 Bg7 4. g3 c6 5. Bg2 d5 6. b3 dxc4 7. bxc4 c5 8. 0-0 cxd4 9. Nxd4 0-0 10. Bb2 Qb6 11. Qb3 Nfd7 12. e3 Nc6 13. Rd1 Nc5 14. Qxb6 axb6 15. Nc3 Nxd4 16. exd4 Na4 17. Nxa4 Rxa4 18. Rd2 Rxc4 19. d5 Rd8 20. Re1 Bxb2 21. Rxb2 Rd6 22. h4 Kf8 23. Re3 Bd7 24. Rbe2 Rc1+ 25. Kh2 Bb5 26. Rb2 Bc4 27. Ra3 b5 28. Ra8+ Kg7 29. Rc8 Re1 30. Rc7 b6 31. a4 Bxd5 32. axb5 Bxg2 33. Kxg2 Re5 34. Rc4 h6 35. Rb3 Re2 36. Rc6 Rf6 37. Rxf6 Kxf6 38. Rc3 Re6 39. f4 Rd6 40. Kf3 e6 41. g4 Rd5 42. g5+ hxg5 43. hxg5+ Ke7 44. Rb3 Kd6 45. Ke4 Kc5 46. Rb1 Kc4 47. Rb2 Rxb5 48. Rxb5 Kxb5 49. Ke5 Kc6 50. Kf6 b5 51. Kxf7 b4 52. Kxg6 b3 53. Kf7 b2 54. g6 b1Q 55. g7 Qf5+ 56. Ke7 Qg6 0-1

[Event "Paracin Summer op 14th"]
[Site "Paracin"]
[Date "2021.07.10"]
[Round "2"]
[White "Spasic, Petar"]
[Black "Soubirou, Oriane"]
[Result "1/2-1/2"]
[WhiteElo "2227"]
[BlackElo "2101"]
[PlyCount "28"]
[EventDate "2021.07.09"]
[EventType "swiss"]
[EventRounds "9"]
[EventCountry "SRB"]
[SourceTitle "EXT 2022"]
[Source "ChessBase"]
[SourceDate "2021.10.06"]
[SourceVersion "1"]
[SourceVersionDate "2021.10.06"]
[SourceQuality "1"]

1. e4 e5 2. Nf3 Nc6 3. Nc3 Nf6 4. Bb5 Nd4 5. 0-0 Nxb5 6. Nxb5 c6 7. Nc3 d6 8. d4 Qc7 9. Qd3 Be7 10. Ne2 Bg4 11. Ng3 g6 12. dxe5 dxe5 13. Bh6 Nd7 14. h3 Be6 1/2-1/2

[Event "Belgrade Serbia op"]
[Site "Belgrade"]
[Date "2021.07.06"]
[Round "7"]
[White "Terryn, Ezra"]
[Black "Soubirou, Oriane"]
[Result "1/2-1/2"]
[WhiteElo "2184"]
[BlackElo "2101"]
[PlyCount "104"]
[EventDate "2021.07.02"]
[EventType "swiss"]
[EventRounds "9"]
[EventCountry "SRB"]
[SourceTitle "EXT 2022"]
[Source "ChessBase"]
[SourceDate "2021.10.06"]
[SourceVersion "1"]
[SourceVersionDate "2021.10.06"]
[SourceQuality "1"]

1. e4 e5 2. Nf3 Nc6 3. Bc4 Nf6 4. d3 h6 5. c3 d6 6. Nbd2 g6 7. b4 Bg7 8. 0-0 0-0 9. a4 Nh5 10. a5 a6 11. Re1 Nf4 12. Qb3 Qf6 13. Bb2 g5 14. h3 Bxh3 15. g3 Ne6 16. Bd5 h5 17. Bxc6 bxc6 18. d4 g4 19. Nh4 Bh6 20. dxe5 dxe5 21. Rad1 Bg5 22. Nf5 Ng7 23. Nxg7 Kxg7 24. c4 Qe6 25. Qc3 Be7 26. Qxe5+ Qxe5 27. Bxe5+ f6 28. Bc3 Rab8 29. c5 Rbd8 30. Nc4 Rxd1 31. Rxd1 Rd8 32. Rxd8 Bxd8 33. Ne3 Kf7 34. Nf5 Ke6 35. Ng7+ Kf7 36. Nxh5 f5 37. exf5 Bg5 38. f6 Bh6 39. Be1 Kg6 40. Nf4+ Bxf4 41. gxf4 Kxf6 42. Bc3+ Ke7 43. Be5 Kd7 44. Bf6 Ke6 45. Bh4 Kf5 46. Bd8 Kxf4 47. Bxc7+ Ke4 48. Bg3 Kd5 49. Bf4 Kc4 50. Bd2 Kb5 51. Kh2 Bf1 52. Kg3 Be2 1/2-1/2

[Event "Belgrade Serbia op"]
[Site "Belgrade"]
[Date "2021.07.04"]
[Round "4"]
[White "Strugnell, Carl"]
[Black "Soubirou, Oriane"]
[Result "1-0"]
[WhiteElo "2229"]
[BlackElo "2101"]
[PlyCount "39"]
[EventDate "2021.07.02"]
[EventType "swiss"]
[EventRounds "9"]
[EventCountry "SRB"]
[SourceTitle "CBM 203 Extra"]
[Source "ChessBase"]
[SourceDate "2021.09.30"]
[SourceVersion "1"]
[SourceVersionDate "2021.09.30"]
[SourceQuality "1"]

1. c4 g6 2. Nc3 Bg7 3. g3 e5 4. Bg2 Ne7 5. d3 h6 6. Rb1 0-0 7. e3 d6 8. Nge2 Nbc6 9. b4 Re8 10. Nd5 Nb8 11. 0-0 c6 12. Nxe7+ Qxe7 13. b5 Qd7 14. Qa4 Rd8 15. Ba3 Qe8 16. Rfc1 Nd7 17. Qb4 Bf8 18. Qd2 Be7 19. d4 Nf6 20. Qb2 1-0

[Event "Belgrade Serbia op"]
[Site "Belgrade"]
[Date "2021.07.02"]
[Round "1"]
[White "Soubirou, Oriane"]
[Black "Zlatanovic, Boroljub"]
[Result "0-1"]
[WhiteElo "2101"]
[BlackElo "2350"]
[PlyCount "100"]
[EventDate "2021.07.02"]
[EventType "swiss"]
[EventRounds "9"]
[EventCountry "SRB"]
[SourceTitle "CBM 203 Extra"]
[Source "ChessBase"]
[SourceDate "2021.09.30"]
[SourceVersion "1"]
[SourceVersionDate "2021.09.30"]
[SourceQuality "1"]

1. e4 e6 2. d4 d5 3. Nc3 Bb4 4. e5 b6 5. a3 Bf8 6. Nf3 Ne7 7. h4 h6 8. h5 Qd7 9. a4 Ba6 10. Nb5 Nc8 11. Rh3 c6 12. Nc3 Bxf1 13. Kxf1 c5 14. Ne2 cxd4 15. Nexd4 Ne7 16. g4 Nec6 17. g5 Bc5 18. c3 Bxd4 19. cxd4 Ne7 20. Bf4 Nbc6 21. Qd2 Nf5 22. Kg2 0-0-0 23. a5 b5 24. a6 Kb8 25. Qd3 Ka8 26. Rhh1 hxg5 27. Bxg5 Rb8 28. Bf4 Rb6 29. Qc3 Rc8 30. Rhc1 Qe8 31. Qd2 Qh8 32. Rh1 b4 33. b3 Nb8 34. Ra4 Qf8 35. Rc1 Rxc1 36. Qxc1 Qh8 37. Qh1 Nc6 38. Be3 Qh7 39. Qh3 Nxe3+ 40. fxe3 Qc2+ 41. Kg3 Qxb3 42. Ra1 Qxe3 43. Qg4 b3 44. Qxg7 b2 45. Rb1 Nxd4 46. Qf8+ Rb8 47. Qxf7 Nf5+ 48. Kg2 Qe2+ 49. Kg1 Qxf3 50. Qxe6 d4 0-1

[Event "Cappelle Online (Women) op"]
[Site "Europe Echecs INT"]
[Date "2021.03.08"]
[Round "7"]
[White "Khadijah, Qurota`Ain"]
[Black "Soubirou, Oriane"]
[Result "0-1"]
[WhiteElo "2050"]
[BlackElo "2116"]
[PlyCount "82"]
[EventDate "2021.03.08"]
[EventType "swiss (blitz)"]
[EventRounds "11"]
[EventCountry "FRA"]
[SourceTitle "CBM 201 Extra"]
[Source "ChessBase"]
[SourceDate "2021.05.31"]
[SourceVersion "1"]
[SourceVersionDate "2021.05.31"]
[SourceQuality "1"]

1. e4 g6 2. d4 Nf6 3. Nc3 d5 4. e5 Ne4 5. Nxe4 dxe4 6. Bc4 Bg7 7. Ne2 0-0 8. Ng3 c5 9. c3 Nc6 10. Be3 cxd4 11. cxd4 Qa5+ 12. Qd2 Qxd2+ 13. Kxd2 Rd8 14. Kc3 a6 15. Nxe4 b5 16. Bb3 Bf5 17. Nc5 Rac8 18. a3 a5 19. Rhd1 Nxe5 20. Bc2 Ng4 21. b4 a4 22. h3 Nf6 23. Bxf5 gxf5 24. Kd3 Nd5 25. Rac1 f4 26. Bd2 e5 27. Ke2 exd4 28. Kd3 Nc3 29. Re1 Re8 30. Rxe8+ Rxe8 31. Bxf4 Ne2 32. Bd2 Nxc1+ 33. Bxc1 Re1 34. Bd2 Ra1 35. Ne4 Rxa3+ 36. Kc2 d3+ 37. Kb1 Rb3+ 38. Kc1 a3 39. Nc5 Rb2 40. Nxd3 a2 41. Nxb2 a1Q+ 0-1

[Event "Cappelle Online (Women) op"]
[Site "Europe Echecs INT"]
[Date "2021.03.08"]
[Round "1"]
[White "Laigle, Corinne"]
[Black "Soubirou, Oriane"]
[Result "0-1"]
[WhiteElo "1029"]
[BlackElo "2116"]
[PlyCount "40"]
[EventDate "2021.03.08"]
[EventType "swiss (blitz)"]
[EventRounds "11"]
[EventCountry "FRA"]
[SourceTitle "CBM 201 Extra"]
[Source "ChessBase"]
[SourceDate "2021.05.31"]
[SourceVersion "1"]
[SourceVersionDate "2021.05.31"]
[SourceQuality "1"]

1. e4 g6 2. Nf3 Nf6 3. Bc4 Nxe4 4. 0-0 d5 5. Bb5+ c6 6. Ba4 Bg7 7. d3 Nc5 8. Bb3 0-0 9. d4 Nxb3 10. cxb3 Nd7 11. Ng5 Nf6 12. Nc3 Bg4 13. f3 Bf5 14. Ne2 h6 15. Nh3 Bxh3 16. gxh3 Qd7 17. Nf4 g5 18. Ne2 Qxh3 19. f4 Ng4 20. Ng3 Qxh2# 0-1

[Event "Cappelle Online (Women) op"]
[Site "Europe Echecs INT"]
[Date "2021.03.08"]
[Round "6"]
[White "Soubirou, Oriane"]
[Black "Muetsch, Annmarie"]
[Result "0-1"]
[WhiteElo "2116"]
[BlackElo "2266"]
[PlyCount "68"]
[EventDate "2021.03.08"]
[EventType "swiss (blitz)"]
[EventRounds "11"]
[EventCountry "FRA"]
[SourceTitle "CBM 201 Extra"]
[Source "ChessBase"]
[SourceDate "2021.05.31"]
[SourceVersion "1"]
[SourceVersionDate "2021.05.31"]
[SourceQuality "1"]

1. e4 d6 2. d4 Nf6 3. Nc3 e5 4. dxe5 dxe5 5. Qxd8+ Kxd8 6. Bc4 Ke8 7. f3 c6 8. Be3 Nbd7 9. 0-0-0 Bc5 10. Bg5 h6 11. Bh4 Ke7 12. Nge2 b5 13. Bb3 a5 14. a3 a4 15. Ba2 Nb6 16. Kb1 b4 17. axb4 Bxb4 18. Bf2 Nfd7 19. Rhe1 a3 20. Bb3 Nc5 21. Nc1 Ba6 22. N1a2 Nxb3 23. Bxb6 Bxc3 24. Nxc3 Rhb8 25. Bc7 Nd4 26. b3 f6 27. Bxb8 Rxb8 28. Na4 Rb5 29. Rd2 Bc8 30. Ka2 Be6 31. Kxa3 c5 32. Rb1 c4 33. Nc3 Ra5+ 34. Kb4 Nc6# 0-1

[Event "Cappelle Online (Women) op"]
[Site "Europe Echecs INT"]
[Date "2021.03.08"]
[Round "5"]
[White "Tomasi, Elise"]
[Black "Soubirou, Oriane"]
[Result "0-1"]
[WhiteElo "2030"]
[BlackElo "2116"]
[PlyCount "66"]
[EventDate "2021.03.08"]
[EventType "swiss (blitz)"]
[EventRounds "11"]
[EventCountry "FRA"]
[SourceTitle "CBM 201 Extra"]
[Source "ChessBase"]
[SourceDate "2021.05.31"]
[SourceVersion "1"]
[SourceVersionDate "2021.05.31"]
[SourceQuality "1"]

1. d4 Nf6 2. Nf3 g6 3. g3 Bg7 4. Bg2 d6 5. 0-0 0-0 6. Re1 Nc6 7. e4 e5 8. c3 Nh5 9. h4 Bg4 10. Be3 Qd7 11. dxe5 Nxe5 12. Nxe5 Bxe5 13. Qc2 Bh3 14. Na3 Bxg2 15. Kxg2 Qg4 16. Qe2 Qxe4+ 17. Qf3 Qxf3+ 18. Kxf3 Rae8 19. Nb5 c6 20. Nd4 Bg7 21. Nb3 Ra8 22. Rad1 d5 23. Na5 Nf6 24. Bc5 Rfc8 25. Nxb7 Rcb8 26. Na5 Rxb2 27. Nxc6 Rxa2 28. Bd4 Ne4 29. Bxg7 Kxg7 30. Re2 Rxe2 31. Kxe2 Nxc3+ 32. Kd2 Nxd1 33. Kxd1 a5 0-1

[Event "Cappelle Online Blitz op"]
[Site "Europe Echecs INT"]
[Date "2021.03.07"]
[Round "7"]
[White "Fantinel, Thibault"]
[Black "Soubirou, Oriane"]
[Result "1-0"]
[WhiteElo "2375"]
[BlackElo "2116"]
[PlyCount "113"]
[EventDate "2021.03.07"]
[EventType "swiss (blitz)"]
[EventRounds "11"]
[EventCountry "FRA"]
[SourceTitle "CBM 201 Extra"]
[Source "ChessBase"]
[SourceDate "2021.05.31"]
[SourceVersion "1"]
[SourceVersionDate "2021.05.31"]
[SourceQuality "1"]

1. c4 g6 2. g3 Bg7 3. Bg2 e5 4. Nc3 f5 5. d3 d6 6. e4 Nc6 7. Nge2 Nf6 8. 0-0 0-0 9. Nd5 h6 10. h3 Be6 11. Be3 Qd7 12. Kh2 Kh7 13. Qd2 Rae8 14. Rac1 g5 15. exf5 Bxf5 16. Nec3 Nd4 17. Bxd4 exd4 18. Nxf6+ Bxf6 19. Ne4 Be5 20. b4 Rg8 21. b5 b6 22. Rce1 Bg6 23. f4 gxf4 24. gxf4 Bh8 25. Ng3 Rxe1 26. Rxe1 Re8 27. Bc6 Qd8 28. Bxe8 Bxe8 29. Qe2 Bf7 30. Qe4+ Kg8 31. Qe7 Bf6 32. Qxd8+ Bxd8 33. Nf5 h5 34. Nxd4 Kf8 35. Nc6 Bh4 36. Re3 Bf2 37. Re7 Bg6 38. Rxc7 Bxd3 39. Nb4 Be2 40. Kg2 Bc5 41. Nd5 Bxc4 42. Nf6 Bxb5 43. Rxa7 Bc6+ 44. Kg3 Bd4 45. Nxh5 Bb5 46. Kg4 Bc5 47. f5 Be2+ 48. Kg5 Be3+ 49. Nf4 Bb5 50. Ra8+ Kf7 51. Kg4 Bc6 52. Ra7+ Kf6 53. Nh5+ Ke5 54. Ng3 Bb5 55. Re7+ Kd4 56. f6 Bh6 57. Nf5+ 1-0

[Event "Cappelle Online Blitz op"]
[Site "Europe Echecs INT"]
[Date "2021.03.07"]
[Round "5"]
[White "Guillaume, Marvin"]
[Black "Soubirou, Oriane"]
[Result "0-1"]
[WhiteElo "1831"]
[BlackElo "2116"]
[PlyCount "108"]
[EventDate "2021.03.07"]
[EventType "swiss (blitz)"]
[EventRounds "11"]
[EventCountry "FRA"]
[SourceTitle "CBM 201 Extra"]
[Source "ChessBase"]
[SourceDate "2021.05.31"]
[SourceVersion "1"]
[SourceVersionDate "2021.05.31"]
[SourceQuality "1"]

1. d4 Nf6 2. Nf3 g6 3. g3 Bg7 4. Bg2 0-0 5. 0-0 d6 6. c4 c5 7. d5 e6 8. Nc3 exd5 9. cxd5 a6 10. a4 Re8 11. Re1 Ne4 12. Nxe4 Rxe4 13. Bg5 Qf8 14. Qc2 Bf5 15. Qd2 Rb4 16. Ra2 Nd7 17. Nh4 Rd4 18. Qe3 Re8 19. Qc1 Be4 20. f3 Bxd5 21. e4 Bc6 22. Be3 Rb4 23. Rd1 Ne5 24. Bf4 Rd8 25. Qd2 Bxa4 26. Bxe5 Bxe5 27. f4 Bd4+ 28. Kh1 Bxd1 29. Qxd1 Rxb2 30. Rxb2 Bxb2 31. Qb3 Bf6 32. Qxb7 Bxh4 33. gxh4 Qh6 34. Qb6 Rf8 35. Qxd6 Qxh4 36. Qxc5 Qxf4 37. h3 Re8 38. Qc6 Re6 39. Qc8+ Kg7 40. Qc3+ Qe5 41. Qd3 a5 42. h4 h5 43. Qb3 Qd4 44. Qf3 a4 45. Qa3 Rxe4 46. Bxe4 Qxe4+ 47. Kg1 Qxh4 48. Qc3+ Qf6 49. Qc4 Qb6+ 50. Kg2 Qb2+ 51. Kh1 a3 52. Qe2 Qxe2 53. Kg1 a2 54. Kh1 a1Q# 0-1

[Event "Cappelle Online Blitz op"]
[Site "Europe Echecs INT"]
[Date "2021.03.07"]
[Round "6"]
[White "Soubirou, Oriane"]
[Black "Mesples, Jean Marc"]
[Result "1/2-1/2"]
[WhiteElo "2116"]
[BlackElo "1892"]
[PlyCount "90"]
[EventDate "2021.03.07"]
[EventType "swiss (blitz)"]
[EventRounds "11"]
[EventCountry "FRA"]
[SourceTitle "CBM 201 Extra"]
[Source "ChessBase"]
[SourceDate "2021.05.31"]
[SourceVersion "1"]
[SourceVersionDate "2021.05.31"]
[SourceQuality "1"]

1. e4 e5 2. Nf3 Nc6 3. Nc3 Nf6 4. Bb5 Bd6 5. d3 a6 6. Ba4 0-0 7. g4 Bb4 8. g5 Ne8 9. Bb3 d6 10. a3 Ba5 11. Rg1 Nd4 12. Bd2 Nxb3 13. cxb3 Be6 14. b4 Bb6 15. h4 f5 16. gxf6 Nxf6 17. Ng5 Qd7 18. Be3 Bxe3 19. fxe3 Bg4 20. Qb3+ Kh8 21. Kd2 h6 22. Raf1 Rae8 23. Ne2 Bxe2 24. Kxe2 hxg5 25. hxg5 Nh5 26. g6 Rxf1 27. Kxf1 Rf8+ 28. Ke2 Qh3 29. Re1 Qg2+ 30. Kd1 Rf1 31. Qe6 Rxe1+ 32. Kxe1 Qg3+ 33. Kd2 Qf2+ 34. Kc3 Qf8 35. Qf7 Qd8 36. d4 exd4+ 37. exd4 Nf6 38. e5 dxe5 39. dxe5 Nd5+ 40. Kc2 Ne3+ 41. Kb1 Qd1+ 42. Ka2 Qd5+ 43. Kb1 Qd1+ 44. Ka2 Qd5+ 45. Kb1 Qd1+ 1/2-1/2

[Event "Cappelle Online Bullet op"]
[Site "Europe Echecs INT"]
[Date "2021.03.05"]
[Round "4"]
[White "Ioannidis, Evgenios"]
[Black "Soubirou, Oriane"]
[Result "1-0"]
[WhiteElo "2411"]
[BlackElo "2116"]
[PlyCount "113"]
[EventDate "2021.03.05"]
[EventType "swiss (blitz)"]
[EventRounds "15"]
[EventCountry "FRA"]
[SourceTitle "EXT 2022"]
[Source "ChessBase"]
[SourceDate "2021.10.06"]
[SourceVersion "1"]
[SourceVersionDate "2021.10.06"]
[SourceQuality "1"]

1. d4 g6 2. c4 Nf6 3. Nc3 c5 4. d5 Bg7 5. e4 d6 6. Bd3 0-0 7. h3 e6 8. Nf3 e5 9. 0-0 Nbd7 10. Bg5 h6 11. Bd2 Nh7 12. Qc1 f5 13. Bxh6 f4 14. Bxg7 Kxg7 15. Nh2 Ng5 16. Be2 Nf6 17. Bg4 Nxg4 18. Nxg4 Bxg4 19. hxg4 Rh8 20. f3 Qf6 21. Kf2 Rh2 22. Rh1 Rah8 23. Rxh2 Rxh2 24. Ne2 Nh3+ 25. Ke1 Qh4+ 26. Kd2 Rxg2 27. Qe1 Nf2 28. Qf1 Qh2 29. Re1 g5 30. Kc3 Qh3 31. Ng1 Qg3 32. Re2 Rxg1 33. Qxf2 Qxf2 34. Rxf2 Rg3 35. Kd2 Kf6 36. Ke2 Ke7 37. Rh2 Kd8 38. Kf2 Kc7 39. Rh7+ Kb6 40. Rd7 Ka5 41. Rxd6 Kb4 42. Rd7 b6 43. d6 Kxc4 44. Rh7 Rh3 45. Rxh3 Kd3 46. d7 Kc2 47. d8Q Kxb2 48. Qd2+ Ka3 49. Qc3+ Ka4 50. Rh1 Kb5 51. Rb1+ Kc6 52. Qc4 Kb7 53. Qd5+ Kc8 54. Qc6+ Kb8 55. Rd1 a6 56. Rd7 b5 57. Qb7# 1-0

[Event "Cappelle Online Bullet op"]
[Site "Europe Echecs INT"]
[Date "2021.03.05"]
[Round "5"]
[White "Soubirou, Oriane"]
[Black "Farthouat, Titoine"]
[Result "1-0"]
[WhiteElo "2116"]
[BlackElo "1652"]
[PlyCount "29"]
[EventDate "2021.03.05"]
[EventType "swiss (blitz)"]
[EventRounds "15"]
[EventCountry "FRA"]
[SourceTitle "EXT 2022"]
[Source "ChessBase"]
[SourceDate "2021.10.06"]
[SourceVersion "1"]
[SourceVersionDate "2021.10.06"]
[SourceQuality "1"]

1. e4 c5 2. Nf3 d6 3. c3 Nf6 4. h3 Bd7 5. Bd3 Nc6 6. Bc2 e6 7. 0-0 Be7 8. a3 0-0 9. d4 cxd4 10. cxd4 d5 11. e5 Ne8 12. Nc3 Nc7 13. Qd3 f6 14. Qxh7+ Kf7 15. Bg6# 1-0

[Event "Cappelle Online Bullet op"]
[Site "Europe Echecs INT"]
[Date "2021.03.05"]
[Round "13"]
[White "Soubirou, Oriane"]
[Black "Zienkiewicz, Jan"]
[Result "1-0"]
[WhiteElo "2116"]
[BlackElo "1882"]
[PlyCount "61"]
[EventDate "2021.03.05"]
[EventType "swiss (blitz)"]
[EventRounds "15"]
[EventCountry "FRA"]
[SourceTitle "EXT 2022"]
[Source "ChessBase"]
[SourceDate "2021.10.06"]
[SourceVersion "1"]
[SourceVersionDate "2021.10.06"]
[SourceQuality "1"]

1. e4 c5 2. Nf3 Nc6 3. b4 cxb4 4. d4 e6 5. d5 exd5 6. exd5 Nb8 7. Bd3 d6 8. 0-0 Be7 9. a3 Nf6 10. axb4 0-0 11. c4 Nbd7 12. Nc3 Ne5 13. Ne4 Nxe4 14. Bxe4 Bf6 15. Bb2 Nxf3+ 16. Qxf3 Bxb2 17. Rab1 Bf6 18. c5 Bd7 19. c6 bxc6 20. dxc6 Bc8 21. c7 Qxc7 22. Bxa8 Be6 23. Bd5 Rb8 24. b5 Bxd5 25. Qxd5 Qb6 26. Qc6 Qd4 27. Qc7 Re8 28. b6 Bh4 29. b7 Qd2 30. Kh1 Bxf2 31. Qc8 1-0

[Event "Cappelle Online Blitz op 1st"]
[Site "Europe Echecs INT"]
[Date "2021.01.10"]
[Round "9"]
[White "Soubirou, Oriane"]
[Black "Hejazipour, Mitra"]
[Result "0-1"]
[WhiteElo "2116"]
[BlackElo "2319"]
[PlyCount "54"]
[EventDate "2021.01.10"]
[EventType "swiss (blitz)"]
[EventRounds "11"]
[EventCountry "FRA"]
[SourceTitle "CBM 200 Extra"]
[Source "ChessBase"]
[SourceDate "2021.03.31"]
[SourceVersion "1"]
[SourceVersionDate "2021.03.31"]
[SourceQuality "1"]

1. e4 c5 2. Nf3 d6 3. d4 cxd4 4. Qxd4 Nc6 5. Bb5 Bd7 6. Qe3 Nf6 7. h3 g6 8. Nc3 Bg7 9. 0-0 0-0 10. Rd1 a6 11. Bxc6 bxc6 12. e5 Ne8 13. b3 Qc7 14. Ba3 Qa5 15. Bb2 d5 16. Na4 Nc7 17. Bc3 Qb5 18. Nd4 Qb8 19. Nc5 Qc8 20. f4 Ne6 21. Nxd7 Qxd7 22. Rf1 Nc5 23. f5 Ne4 24. e6 fxe6 25. fxg6 hxg6 26. Bb2 c5 27. Nxe6 Qxe6 0-1

[Event "Trophee Roza Lallemand Online"]
[Site "Tornelo INT"]
[Date "2020.12.13"]
[Round "5"]
[White "Soubirou, Oriane"]
[Black "Afraoui, Solenn"]
[Result "1-0"]
[WhiteElo "2116"]
[BlackElo "1889"]
[PlyCount "123"]
[EventDate "2020.12.13"]
[EventType "swiss (rapid)"]
[EventRounds "9"]
[EventCountry "USA"]
[SourceTitle "EXT 2022"]
[Source "ChessBase"]
[SourceDate "2021.10.06"]
[SourceVersion "1"]
[SourceVersionDate "2021.10.06"]
[SourceQuality "1"]

1. e4 c5 2. Nf3 d6 3. c3 Nf6 4. h3 e6 5. Bd3 a6 6. Bc2 b5 7. 0-0 Bb7 8. Re1 Be7 9. d4 Nbd7 10. a4 Qc7 11. Nbd2 Rc8 12. axb5 axb5 13. e5 Nd5 14. exd6 Bxd6 15. Ne4 Be7 16. Bd3 c4 17. Bc2 N7f6 18. Nxf6+ Bxf6 19. Ne5 0-0 20. Bb1 Ra8 21. Rxa8 Rxa8 22. Qc2 g6 23. Bh6 Ne7 24. Ng4 Bg7 25. Qd2 Qc6 26. f3 Nf5 27. Bxg7 Kxg7 28. Bxf5 exf5 29. Qh6+ Kg8 30. Ne5 Qc7 31. Qh4 Re8 32. Ra1 Qd6 33. Qf4 f6 34. Nxg6 Qxf4 35. Nxf4 Re7 36. Kf2 Kf7 37. Ra5 Bc6 38. Ra6 Bb7 39. Rb6 Rd7 40. Rxb5 Ba6 41. Rb6 Bb7 42. h4 Bd5 43. Rb4 Be6 44. Nxe6 Kxe6 45. Rxc4 Ra7 46. f4 Ra2 47. Rb4 Kd5 48. Kf3 Ra1 49. g3 Rf1+ 50. Kg2 Rc1 51. Rb7 Rc2+ 52. Kf3 h5 53. Rb5+ Kc4 54. Rxf5 Rxb2 55. Rxh5 Kxc3 56. Rf5 Rb6 57. d5 Kd4 58. h5 Rb3+ 59. Kg4 Rb8 60. Rxf6 Kxd5 61. h6 Rg8+ 62. Kh4 1-0

[Event "Prague Summer op 7th"]
[Site "Prague"]
[Date "2020.08.10"]
[Round "4"]
[White "Kulhanek, Tomas"]
[Black "Soubirou, Oriane"]
[Result "1-0"]
[WhiteElo "2339"]
[BlackElo "2144"]
[PlyCount "109"]
[EventDate "2020.08.08"]
[EventType "swiss"]
[EventRounds "9"]
[EventCountry "CZE"]
[SourceTitle "CBM 197 Extra"]
[Source "ChessBase"]
[SourceDate "2020.09.30"]
[SourceVersion "1"]
[SourceVersionDate "2020.09.30"]
[SourceQuality "1"]

1. e4 e5 2. Nc3 Nf6 3. g3 Bc5 4. Bg2 a5 5. Nf3 d6 6. d4 exd4 7. Nxd4 0-0 8. h3 a4 9. a3 c6 10. 0-0 Qb6 11. Nde2 Be6 12. Kh2 Nbd7 13. Rb1 Rfe8 14. f3 h6 15. h4 Bc4 16. b3 axb3 17. cxb3 Bxe2 18. Qxe2 d5 19. Qc2 Qa6 20. exd5 cxd5 21. b4 Bd6 22. b5 Qa5 23. Ne2 Qb6 24. Rb3 Ne5 25. Kh1 Nc4 26. Qd3 Ra5 27. Nc3 Qc5 28. f4 d4 29. Ne4 Nxe4 30. Bxe4 f5 31. Bxb7 Ne3 32. Re1 Rb8 33. Bc6 Ng4 34. Kg2 Rc8 35. Qf3 Qc2+ 36. Re2 Qxc1 37. Qd5+ Kh8 38. Qxf5 Rf8 39. Qxg4 Rxa3 40. Rxa3 Qxa3 41. Qg6 Rf6 42. Qe4 Bc5 43. b6 Bxb6 44. Bb5 Qd6 45. h5 g6 46. Rc2 Re6 47. Qa8+ Kg7 48. Rc8 gxh5 49. Rg8+ Kf6 50. Bd3 Bc7 51. Kh3 Qc5 52. Rg6+ Ke7 53. Rg7+ Kf6 54. Qh8 Bxf4 55. Rc7+ 1-0

[Event "FRA-ch Blitz Online Qual"]
[Site "Europe Echecs INT"]
[Date "2020.05.16"]
[Round "15"]
[White "Soubirou, Oriane"]
[Black "Kirk, Ezra"]
[Result "0-1"]
[WhiteElo "2144"]
[BlackElo "2447"]
[PlyCount "54"]
[EventDate "2020.05.16"]
[EventType "swiss (blitz)"]
[EventRounds "15"]
[EventCountry "FRA"]
[SourceTitle "CBM 196 Extra"]
[Source "ChessBase"]
[SourceDate "2020.07.31"]
[SourceVersion "1"]
[SourceVersionDate "2020.07.31"]
[SourceQuality "1"]

1. e4 e6 2. Nf3 d5 3. e5 c5 4. b4 d4 5. bxc5 Nc6 6. c3 Bxc5 7. Bd3 Nge7 8. 0-0 Ng6 9. Re1 0-0 10. Ba3 Qe7 11. Bxc5 Qxc5 12. Bxg6 hxg6 13. cxd4 Nxd4 14. Nc3 Nxf3+ 15. Qxf3 Bd7 16. Qh3 Bc6 17. Qh4 Rad8 18. Rac1 Qd4 19. Qg5 Qxd2 20. Qh4 Rd4 21. Qh3 Qg5 22. g3 Rfd8 23. Ne2 Re4 24. f4 Qe7 25. Qf1 Qa3 26. Qf2 Rd2 27. h4 Rexe2 0-1

[Event "FRA-ch Blitz Online Qual"]
[Site "Europe Echecs INT"]
[Date "2020.05.16"]
[Round "12"]
[White "Spagnoli, Benjamin"]
[Black "Soubirou, Oriane"]
[Result "1/2-1/2"]
[WhiteElo "1770"]
[BlackElo "2144"]
[PlyCount "102"]
[EventDate "2020.05.16"]
[EventType "swiss (blitz)"]
[EventRounds "15"]
[EventCountry "FRA"]
[SourceTitle "CBM 196 Extra"]
[Source "ChessBase"]
[SourceDate "2020.07.31"]
[SourceVersion "1"]
[SourceVersionDate "2020.07.31"]
[SourceQuality "1"]

1. d4 Nf6 2. c4 c5 3. d5 b5 4. cxb5 a6 5. bxa6 Bxa6 6. Nc3 d6 7. Nf3 g6 8. g3 Bg7 9. Bg2 0-0 10. Rb1 Nbd7 11. b3 Qa5 12. Qd2 Rfb8 13. 0-0 c4 14. b4 Rxb4 15. Rxb4 Qxb4 16. Nd4 Ne5 17. Nc6 Nxc6 18. dxc6 Ra7 19. Qd4 Rc7 20. Bd2 Ne8 21. Qe3 e6 22. Nd5 Qb8 23. Nxc7 Qxc7 24. Bc3 d5 25. Rb1 Bxc3 26. Qxc3 Qxc6 27. Rb8 Bc8 28. a4 f6 29. a5 Kf7 30. a6 Bxa6 31. e4 Qc7 32. Rb4 Bb7 33. exd5 Bxd5 34. Bxd5 exd5 35. h4 Nd6 36. Qd4 Qc6 37. Kh2 Nf5 38. Qa7+ Ne7 39. Rb7 Qe6 40. Rb6 Qe5 41. f4 Qe2+ 42. Kh3 h5 43. Rb7 Qg4+ 44. Kh2 Qe2+ 45. Kh3 Qg4+ 46. Kh2 Qe6 47. Qd4 Qe2+ 48. Kh3 Qg4+ 49. Kh2 Qe2+ 50. Kh3 Qg4+ 51. Kh2 Qe2+ 1/2-1/2

[Event "FRA-ch Blitz Online Qual"]
[Site "Europe Echecs INT"]
[Date "2020.05.16"]
[Round "4"]
[White "Vine, Guillaume"]
[Black "Soubirou, Oriane"]
[Result "0-1"]
[WhiteElo "1824"]
[BlackElo "2144"]
[PlyCount "86"]
[EventDate "2020.05.16"]
[EventType "swiss (blitz)"]
[EventRounds "15"]
[EventCountry "FRA"]
[SourceTitle "CBM 196 Extra"]
[Source "ChessBase"]
[SourceDate "2020.07.31"]
[SourceVersion "1"]
[SourceVersionDate "2020.07.31"]
[SourceQuality "1"]

1. Nf3 Nf6 2. d4 g6 3. c4 c5 4. d5 b5 5. cxb5 Bg7 6. Nc3 d6 7. e4 Qa5 8. Qc2 Nxe4 9. Bd2 Nxd2 10. Nxd2 0-0 11. Be2 Bb7 12. Nb3 Qd8 13. Rd1 Nd7 14. 0-0 Nf6 15. Bf3 Bc8 16. Rfe1 Bf5 17. Qe2 Re8 18. Nd2 a6 19. Nde4 axb5 20. Qxb5 Qa5 21. Qxa5 Rxa5 22. Re2 Rb8 23. Rde1 Nxe4 24. Bxe4 Bd7 25. Nd1 Bf6 26. a3 Ra4 27. Bf3 Rd4 28. h3 Bf5 29. Nc3 Bd3 30. Rd2 Bc4 31. Rxd4 cxd4 32. Nd1 Bb3 33. Be2 Bxd1 34. Rxd1 Rxb2 35. Bc4 Rc2 36. Bb5 Rc5 37. a4 Rxd5 38. Rc1 d3 39. Rd1 d2 40. Kf1 Bc3 41. Ke2 Re5+ 42. Kd3 Ba5 43. Kd4 Re1 0-1